| 000 | 015190000a22003490004500 | ||
|---|---|---|---|
| 003 | EG-GICUC | ||
| 005 | 20250223030021.0 | ||
| 008 | 061210s2005 ua de f m 000 0 eng d | ||
| 040 |
_aEG-GICUC _beng _cEG-GICUC |
||
| 041 | 0 | _aEng | |
| 049 | _aDeposite | ||
| 097 | _aPh.D | ||
| 099 | _aCai01.13.07.Ph.D.2005.Yo.A. | ||
| 100 | 0 | _aYoussef Ahmed Mubarak Soliman | |
| 245 | 1 | 0 |
_aApplication of intelligent control techniques to improve HVDC link transient performance / _cYoussef Ahmed Mubarak Soliman ; Supervised Ahmed Bahgat Gamal , Mohamed Zaky Elsadek |
| 246 | 1 | 5 | _aتطبيق طرق التحكم الذكية فى تحسين الاداء العابر لنظام الجهد العالى للتيار المستمر |
| 260 |
_aCairo : _bYoussef Ahmed Mubarak Soliman , _c2005 |
||
| 300 |
_a222P : _bcharts , plans ; _c30cm |
||
| 502 | _aThesis (PH.D.) - Cairo University - Faculty Of Engineering - Department Of Electrical Power and Machines | ||
| 520 | _aTwo terminals high voltage direct current HVDC transmission systems are indispensably needed in underwater transmission | ||
| 530 | _aIssued also as CD | ||
| 653 | 4 | _aElectrical Power and Machines | |
| 653 | 4 | _aimprove HVDC link | |
| 653 | 4 | _aIntelligent control techniques | |
| 653 | 4 | _aTransient performance | |
| 700 | 0 |
_aAhmed Bahgat Gamal , _esupervisor |
|
| 700 | 0 |
_aMohamed Zaky Elsadek , _esupervisor |
|
| 856 | _uhttp://172.23.153.220/th.pdf | ||
| 905 |
_aEnas _ecataloger |
||
| 905 |
_aMustafa _eRevisor |
||
| 942 |
_2ddc _cTH |
||
| 999 |
_c25657 _d25657 |
||